000 00489nam a2200181Ia 4500
003 OSt
005 20251111090715.0
008 250729s2005 xx 000 0 und d
040 _cAL
041 _akan
082 _a930.7 REDE
100 _aರೆಡ್ಡಿ ತಿಮ್ಮಾ ಕೆ
_9224154
245 _aಇತಿಹಾಸ ಮತ್ತು ಪೌರನೀತಿ ಬೋಧನೆ
260 _aಗದಗ
_c2005
300 _a535p
650 _aHistory
_9224155
942 _2ddc
_cBED
999 _c236270
_d236270